书目信息 |
| 题名: |
商标与不公平竞争精要
|
|
| 作者: | 希林, 著 ;燕清联合 译 | |
| 分册: | ||
| 出版信息: | 北京 中国人民大学出版社 2004 |
|
| 页数: | 202页 | |
| 开本: | 23cm | |
| 丛书名: | 美国EMBA精要系列 | |
| 单 册: | ||
| 中图分类: | F760.5 | |
| 科图分类: | ||
| 主题词: | 商标管理--shang biao guan li | |
| 电子资源: | ||
| ISBN: | 7-300-05682-2 | |
| 000 | 01046nam 2200277 450 | |
| 001 | CAL 012004105701 | |
| 005 | 20061123152359.68 | |
| 010 | @a7-300-05682-2@dCNY 26.00 | |
| 099 | @aCAL 012004105701 | |
| 100 | @a20040223d2004 em y0chiy0120 ea | |
| 101 | 1 | @achi@ceng |
| 102 | @aCN@b110000 | |
| 200 | 1 | @a商标与不公平竞争精要@Ashang biao yu bu gong ping jing zheng jing yao@f达娜·希琳著@d= Essentials of trademarks and unfair competition@fDana Shilling@g燕清联合译@zeng |
| 210 | @a北京@c中国人民大学出版社@d2004 | |
| 215 | @a202页@d23cm | |
| 225 | 2 | @a美国EMBA精要系列@Amei guo emba jing yao xi lie |
| 306 | @a据John Wiley & Sons, Inc., 2002年英文版译 | |
| 314 | @a责任者Shilling规范汉译姓:希林。 | |
| 410 | 0 | @12001 @a美国EMBA精要系列 |
| 510 | 1 | @aEssentials of trademarks and unfair competition@zeng |
| 606 | 0 | @a商标管理@Ashang biao guan li |
| 690 | @aF760.5@v4 | |
| 701 | 1 | @a希林,@Axi lin@bD.@g(Shilling, Dana)@4著 |
| 712 | 02 | @a燕清联合@Ayan qing lian he@4译 |
| 801 | @aCN@bHNTF@c20061123 | |
| 905 | @apdsgxy@dF760.5@eD010 | |
| 商标与不公平竞争精要/达娜·希琳著= Essentials of trademarks and unfair competition/Dana Shilling/燕清联合译.-北京:中国人民大学出版社,2004 |
| 202页;23cm.-(美国EMBA精要系列) |
| ISBN 7-300-05682-2:CNY 26.00 |
| ● |
| 相关链接 |
|
|
|
正题名:商标与不公平竞争精要
索取号:F760.5/D010
 
预约/预借
| 序号 | 登录号 | 条形码 | 馆藏地/架位号 | 状态 | 备注 |
| 1 | 615237 | 206152376 | 社科库409/409社科库 49排1列1层/ [索取号:F760.5/D010] | 在馆 | |
| 2 | 615238 | 206152385 | 社科库409/409社科库 49排1列1层/ [索取号:F760.5/D010] | 在馆 |